| 000 | 00763nam a22002057a 4500 | ||
|---|---|---|---|
| 008 | 140820t ck||||| |||| 00| 0 spa d | ||
| 020 | _a9789587106541 | ||
| 050 | 0 | 4 |
_aKHH5935 _bG38 2011 |
| 100 | 1 | _aGaviria Londoño, Vicente Emilio | |
| 245 | 1 | 3 |
_aLa acción civil en el proceso penal colombiano _c / Vicente Emilio Gaviria Londoño |
| 250 | _a2a ed. | ||
| 260 |
_aBogotá : _bUniversidad Externado de Colombia, _c2011 |
||
| 300 |
_a311 p. : _c24 cm. |
||
| 504 | _aBibliografía : p. 307-311 | ||
| 650 | 7 |
_2Lemb _aVíctimas de crímenes _xEstado legal (Derecho) _zColombia |
|
| 650 | 7 |
_2Lemb _aReparación (Derecho) _zColombia |
|
| 650 | 7 |
_2Lemb _aAdministración de justicia penal _zColombia |
|
| 650 | 7 |
_2Lemb _aProcedimiento penal _zColombia |
|
| 942 |
_2lcc _cLIB |
||
| 999 |
_c77057 _d77057 |
||